| 000 | 00667nam a2200181 i 4500 | ||
|---|---|---|---|
| 001 | 108957 | ||
| 003 | ES-MaACL | ||
| 005 | 20230906184740.0 | ||
| 007 | t| | ||
| 008 | 061121s1965 sp r ||||1| spa d | ||
| 100 | 1 |
_aMoxó y Ortiz de Villajos, Salvador de. _983946 |
|
| 245 | 1 | 3 |
_aLa disolución del régimen señorial de España / _cSalvador de Moxo y Ortiz de Villajos. |
| 260 |
_aMadrid : _bConsejo Superior de Investigaciones Científicas.Escuela de Historia Moderna, _c1965. |
||
| 300 |
_aXII, 271 p., 15 lám. ; _c25 cm. |
||
| 650 | 4 |
_aSeñoríos- _zEspaña- _yS.XIX. _9157768 |
|
| 852 |
_aES-MaACL _jC-28423 _bR.57520 |
||
| 852 |
_aES-MaACL _jA-9243 _bR.98130 |
||
| 999 |
_c108957 _d108957 |
||